<The> International Transfer of Technology Theory, Issues, and Practice

Salvato in:
Dettagli Bibliografici
Autore principale: Robinson, Richard D.
Natura: Libro
Lingua:inglese
Pubblicazione: Cambridge Ballinger Publ. Co. 1988
Edizione:1. ed.
Serie:Ballinger Series in Business in a Global Environment
Soggetti:
Tags: Aggiungi Tag
Nessun Tag, puoi essere il primo ad aggiungerne!!

MARC

LEADER 00000nam a2200000 4500
001 c020237
005 20221206134300.8
020 |a 0-88730-139-8 
041 0 |a eng 
044 |a US 
245 1 0 |a <The> International Transfer of Technology  |b Theory, Issues, and Practice  |c Richard D. Robinson 
250 |a 1. ed. 
264 1 |a Cambridge  |b Ballinger Publ. Co.  |c 1988 
300 |a 225 s. 
490 1 |a Ballinger Series in Business in a Global Environment 
830 0 |a Ballinger Series in Business in a Global Environment 
610 2 0 |a transfer technológie 
610 2 0 |a technológie nové 
610 2 0 |a inovácia 
610 2 0 |a ochrana autorstva 
610 2 0 |a patenty 
610 2 0 |a súťaže 
610 2 0 |a ponuka 
100 1 |a Robinson, Richard D.